000 01041nac a22003017a 4500
001 BR8100303
003 BR-BrBNA
005 20240105114902.0
008 230509b bl.|||m| |||| 00| 0 por d
040 _aBR-BrBNA
_bpor
_cBiblioteca Nacional de Agricultura
072 _aE70
090 _a0430 BR8100303
100 1 _aPimentel, C.R.M.
100 1 _aLemos, M.A.
110 1 _aCentro Nacional de Pesquisa do Algodao, Campina Grande, PB (Brasil)
_91702
245 1 _aCotacoes do mercado e demais indicadores economicos. Algodao [Gossypium spp; Paraiba; Brasil]
246 1 _a[Market quotations and other economic indicators. Cotton [Gossypium spp; Paraiba; Brazil]]
260 3 _aCampina Grande, PB (Brasil):
_cJan 1981.
300 _a8 p.
490 _aSerie Economia - Centro Nacional de Pesquisa do Algodao (Brazil)
_vno. 1
_x
650 _aComercializacao
650 _aAlgodao
650 _aMercado
650 _aPreco
650 _aParaiba
909 _a202312
_bLúcia Elande
_c55
_dLúcia Elande
942 _2AGRIS
_n0
_cMS
999 _c271859
_d271859